000
00322nam a22001457a 4500
008
230626b ||||| |||| 00| 0 eng d
020
_a
9780815129509
041
_a
eng
080
_a
610.73
082
_a
610.73DUN
100
_a
7
101
_a
INF
245
_a
PRIMARY CARE CONSULTANT
_c
DUNN .A .SH
942
_2
udc
_c
BK
999
_c
60045
_d
60045